Can You Name Every Pokemon Beginning With 'H'? Quiz Stats

 Plays Quiz not verified by Sporcle

Score 0/29 Timer 06:00
0 Plays Today
Dex No. Answer % Correct
#106 | Gen 1Hitmonlee
88.7%
#107 | Gen 1Hitmonchan
88.7%
#237 | Gen 2Hitmontop
87.6%
#093 | Gen 1Haunter
85.1%
#228 | Gen 2Houndour
82.6%
#250 | Gen 2Ho-Oh
82.6%
#229 | Gen 2Houndoom
82.1%
#367 | Gen 3Huntail
80.4%
#163 | Gen 2Hoothoot
80.2%
#187 | Gen 2Hoppip
79.3%
#485 | Gen 4Heatran
79.1%
#701 | Gen 6Hawlucha
78.8%
#694 | Gen 6Helioptile
78.5%
#297 | Gen 3Hariyama
77.4%
#440 | Gen 4Happiny
77.1%
Dex No. Answer % Correct
#695 | Gen 6Heliolisk
77.1%
#097 | Gen 1Hypno
76.6%
#631 | Gen 5Heatmor
76.3%
#116 | Gen 1Horsea
75.8%
#450 | Gen 4Hippowdon
75.2%
#720 | Gen 6Hoopa
74.9%
#507 | Gen 5Herdier
74.7%
#449 | Gen 4Hippopotas
73.8%
#214 | Gen 2Heracross
73%
#635 | Gen 5Hydreigon
71.9%
#430 | Gen 4Honchkrow
66.9%
#612 | Gen 5Haxorus
66.4%
#679 | Gen 6Honedge
66.1%
#783 | Gen 7Hakamo-o
55.3%

You're not logged in!

Compare scores with friends on all Sporcle quizzes.
OR
Log In

Sporcle TV

Today on Sporcle TV


Watch our educational content, quiz creation guides, and fun videos on Sporcle TV.

Show Comments

Extras

Top Quizzes Today


Score Distribution

Your Account Isn't Verified!

In order to create a playlist on Sporcle, you need to verify the email address you used during registration. Go to your Sporcle Settings to finish the process.

Report this User

Report this user for behavior that violates our Community Guidelines.

Details: